00379nam a2200109Ia 4500008004100000050002500041100003500066245005000101260008600151300002000237521001200257140724s9999 xx 000 0 und d aG 155.A1b.C243 2011 aCapisanan, Jacqueline Niala T. aTaholicious /cJacqueline Niala T. Capisanan. aLas Piñas, Philippines :bSouthville International School and Colleges,cc2011. a25 p. :c28 cm. aTourism